000 01421nac a22002531u 4500
090 _c2585
008 090203t xxu||||| |||| 00| 0 eng d
010 _a 2005937707
020 _a0495187062 (alk. paper)
082 _a327.1
_bKEG
100 _aKegley, Charles W.
245 1 0 _aWorld politics :
_bTrends and transformation /
_cCharles W. Kegley, Jr., Eugene R. Wittkopf.
250 _a11th ed.
260 _aBelmont, CA :
_bThomson Wadsworth,
_cc2007.
300 _axxix, Various p. ;
_bill.col. map ;
_c24 cm.
504 _aIncludes bibliographical references and indexes.
650 _aWorld politics
650 _aInternational relations
942 _cNB
_k327.1KEG
_2ddc
999 _c2585
_d2585